000
00203 a2200109 4500
020
_a
9781433558276
041
_a
eng
100
_a
Anonimo
245
_a
Holy Bible
942
_c
BK
952
_7
1
_x
Religion
999
_c
25870
_d
25870